| 000 | 00485nam a22001817a 4500 | ||
|---|---|---|---|
| 020 | _a0273634321 | ||
| 020 | _a9780273634324 | ||
| 050 |
_aHD59 _b.J46 1998 |
||
| 100 | _aJefkins, Frank William | ||
| 245 | _aPublic relations | ||
| 250 | _a5th ed. | ||
| 260 |
_aLondon : _b Financial Times Pitman, _c 1998. |
||
| 300 | _aix, 293 p. ; | ||
| 500 | _a 24 cm. includes index. | ||
| 650 |
_bPublic relations. _v Book : _xEnglish : |
||
| 700 | _aYadin, Daniel L.(editor) | ||
| 942 | _cGEN | ||
| 999 |
_c3509 _d3509 |
||